Statistiques concernant Quel est cet endroit ? n°2

Cliquez ici pour prendre le quiz!

Statistiques générales

  • Ce quiz a été pris 89 fois
    (56 depuis la dernière actualisation)
  • Le résultat moyen est 4 sur 15

Statistiques - réponses

Réponse% Correct
Nouvelle Zelande
91%
Mont Rushmore
70%
Galapagos
64%
Titicaca
40%
Republique dominicaine
36%
Lyon
30%
Time square
30%
Kilimandjaro
28%
Siberie
19%
Pekin
17%
Patagonie
9%
Oslo
6%
Opera de Vienne
2%
Glasgow
0%
Mont Saint Helens
0%

Distribution des résultats

Percentile par nombre de réponses

% des personnes avec chaque résultat

Votre développement - résultats

Vous n’avez pas pris ce quiz depuis la dernière actualisation